Miasta w Polsce zakończone na -t na mapie - Statystyki

Ogólne statystyki
  • Ten quiz został rozwiązany 299 razy
  • Średni wynik to 3 z 5
Odpowiedzi na mapie
Odpowiedzi zakodowano w zielono-czerwonej skali na mapie do tego quizu, zgodnie z poniższymi procentami.
 
Statystyki odpowiedzi
Województwo Miasto % Poprawnych
Pomorskie Sopot
95%
Podkarpackie Łańcut
66%
Świętokrzyskie Zawichost
37%
Lubuskie Babimost
36%
Wielkopolskie Mikstat
30%
Nie znaleziono quizów pasujących do podanych kryteriów
Rozkład punktacji
Procent ludzi z każdym wynikiem
Percentyl według liczby udzielonych odpowiedzi
Twoja historia wyników
Nie rozwiązałeś tego quizu